000 00268nam a2200133Ia 4500
100 _aStewarts
942 _cBK
654 _aWeights Of Steel Lubes
245 _aWeights Of Steel Lubes
260 _bnone
082 _a672.8
_bSll
546 _aENGLISH
999 _c29750
_d29750